Great Business Stories: Bill Gates and Microsofts (Record no. 98985)

MARC details
000 -LEADER
fixed length control field 00434nam a2200145Ia 4500
008 - FIXED-LENGTH DATA ELEMENTS--GENERAL INFORMATION
fixed length control field 211118s9999||||xx |||||||||||||| ||und||
082 ## - DEWEY DECIMAL CLASSIFICATION NUMBER
Classification number 920
Item number MAR-G
100 ## - MAIN ENTRY--PERSONAL NAME
Personal name Marshall, David
245 #0 - TITLE STATEMENT
Title Great Business Stories: Bill Gates and Microsofts
260 ## - PUBLICATION, DISTRIBUTION, ETC.
Name of publisher, distributor, etc. Orient Blackswan
Place of publication, distribution, etc. New Delhi
Date of publication, distribution, etc. 1999
300 ## - PHYSICAL DESCRIPTION
Extent 64p
630 ## - SUBJECT ADDED ENTRY--UNIFORM TITLE
General subdivision MBA LIBRARY
650 ## - SUBJECT ADDED ENTRY--TOPICAL TERM
Topical term or geographic name entry element history and geography
942 ## - ADDED ENTRY ELEMENTS (KOHA)
Koha item type BOOK
650 ## - SUBJECT ADDED ENTRY--TOPICAL TERM
Form subdivision biography,genealogy and insigniaManagement
Holdings
Withdrawn status Lost status Damaged status Not for loan Home library Current library Date acquired Cost, normal purchase price Total Checkouts Full call number Barcode Shelving location Date last seen Price effective from Koha item type
        SB LIBRARY SB LIBRARY 18/11/2021 75.00   920 MAR-G 00104392 MBA LIBRARY 18/11/2021 18/11/2021 BOOK

Powered by Koha